000 00944nam a22002057a 4500
003 BUBTL
008 230109b ||||| |||| 00| 0 eng d
020 _a9789849154044
082 _a954.92/ H95b/ 2015
100 _95151
_aহোসেন, সৈয়দ আনোয়ার
245 _aবঙ্গবন্ধু ও আজকের বাংলাদেশ/
_cসৈয়দ আনোয়ার হোসেন
250 _a1st Edn
260 _aঢাকা:
_bএকুশে বাংলা প্রকাশন,
_cc2015
300 _a95 p.:
_c22 cm
505 _aবঙ্গবন্ধু ও আজকের বাংলাদেশ, বঙ্গবন্ধু, বাংলাদেশ, সৈয়দ আনোয়ার হোসেন, বঙ্গবন্ধু
650 0 _93574
_aবঙ্গবন্ধু
856 _k0
_l0
_yDownload
942 _2ddc
_cBK
999 _c6908
_d6908